000 00591nam a2200193Ia 4500
003 GCL
008 140319s9999 xx 000 0 ara d
040 _aGCL /
_cGCL
082 0 4 _a843.0872
_bا م
100 1 _aبسام حجار
245 1 0 _aمكيدة الاب فرانسوا /
_cبسام حجار
700 1 _aانطونيو, سان
260 _a[S.N] :
_bصوت الناس ،
_c1993
300 _a237 ص
490 _aالسلسلة البوليسية
_v0
650 0 4 _aالقصص البوليسية
650 0 4 _aالقصص الفرنسية المترجمة
942 _2ddc
_cBK
999 _c55454
_d55454